Регионална библиотека "Любен Каравелов" - Русе

Несвършено минало (Запис номер 3723)

MARC детайли
000 -Лидер
Контролно поле с фиксирана дължина 01117nam a2200313 c 4500
003 - Код на организацията, давaща контролен номер
Контролно поле BLK
005 - Дата и час на последна редакция
Контролно поле 20180420213725.0
008 - Елементи от данни с фиксирана дължина
fixed length control field 180412b bul|||||r ||||||| ||bul||
010 ## - Наследен системен номер
LC control number KNG00004831000
020 ## - Международен стандартен номер на книга ISBN
Международен стандартен номер на книга ISBN 954-8515-02-4
-- издат.: Костенурка
040 ## - Източник на каталожния запис
Идентификатор на билиотеката - собственик на записа BLK
041 ## - Код за език
Код за езика на текст/звукозапис или на отделно заглавие Български
Код за езика КДБФ Български
080 ## - УДК
Текстов определител УДК Българска литература
УДК код - определител по УДК 821.163.2
УДК определител -1
УДК - код + определител 821.163.2-1
100 1# - Редна дума - Автор
Автор Бочев, Пламен
Авторска отговорност първи автор
R(LIN) 247711
139 ## - Редно поле
Редна дума Бочев, Пламен и др.
Авторски знак Боч - Б 71
245 10 - Сведения за заглавието
Заглавие Несвършено минало
Подзаглавни данни Стихотворения
Редно поле (дума) Пламен Бочев; съавт. Божидар Кунчев.
257 ## - Страна на издаване
Страна на създаване/издаване България
260 ## - Област на издателските данни
-- София
Име на издателя, разпространителя и проч. Костенурка
Година на издаване 1994
300 ## - Физическа характеристика
Страници 44 с.
Илюстрации и др. с ил.
Размери/Мащаб 17 см
380 ## - Жанр
Жанр Худож. лит.
490 1# - СЕРИИ (Колекции)
Име на серия Библиотека Нова българска поезия'94
№: серия 2
500 ## - Общи забележки
Забележка 1 000 тир.
700 1# - Други автори (авторска отговорност)
Лично име Кунчев, Божидар
Автороска отговорност (Описва отношението между автора и произведението) съавт.
9 (RLIN) 247712
852 ## - Местоположение
Форматна сигнатура Цб І 27629
856 4# - Електронен адрес и достъп
Електронен формат pdf - файл
Път до файла /url/
856 4# - Електронен адрес и достъп
Електронен формат pdf - файл
Път до файла /url/
942 ## - АРТИКУЛИ
Вид на библиотечния материал Книги
Скрит в OPAC Не
944 ## - СЪЗДАВАНЕ И РЕДАКЦИЯ на ЗАПИСА
Създаване/Редакция Създаване
Дата на регистрацията/редакция 15.01.2003
Служител, извършил регистрацията/редакцията Кети_Илиева
944 ## - СЪЗДАВАНЕ И РЕДАКЦИЯ на ЗАПИСА
Създаване/Редакция Редакция
Дата на регистрацията/редакция 12.07.2013
Служител, извършил регистрацията/редакцията
999 ## - СИСТЕМНИ КОНТРОЛНИ НОМЕРА
Koha biblionumber 3723
Koha biblioitemnumber 3723
Наличности
Код за отписване Код за изгубен артикул Източник на класификационната схема Код за повреда Коз за рестрикции Код за отдаване Артикулен № Име на библиотеката - собственик Име на библиотеката, в която се намира в момента Статус (Текущо местоположение) Дата на вписване в системата Местоположение - отдел Цена в лева Инвентарен номер Систематично азбучна сигнатура Баркод Номер на екземпляра Цена в евро Служебна бележка Служебен тип на артикула
  Не е изгубен Universal Decimal Classification Не е повреден без рестрикции ползва се в читалня 6646 Регионална библиотека "Любен Каравелов" Русе Регионална библиотека "Любен Каравелов" Русе Хранилище 1994-01-01 Хранилище 0.18 608028 Цб І 27629 120000608028 1 0.09 Вид: Сф Дата: 01.01.1994 Книги
Vip Innovations Ltd, Rousse, Bulgaria 2025